| 000 | 01110nas a2200265Ia 4500 | ||
|---|---|---|---|
| 001 | R232/45501 | ||
| 003 | IT-RoPAU | ||
| 008 | 151124c99999999xx |||||||||||| ||und|| | ||
| 040 | _aIT-RoPAU | ||
| 040 | _cIT-RoPAU | ||
| 041 | _aITALIANO | ||
| 100 |
_aAA.VV. _gCodice Aut. SPICS: 12000 |
||
| 210 | _aDIAFRAMMA (IL) - FOTOGRAFIA ITALIANA | ||
| 222 | _aDiaframma (Il) - Fotografia Italiana | ||
| 245 |
_aDIAFRAMMA (IL)-FOTOGRAFIA ITALIANA, N.260/261 (1982) _bDiaframma (Il)-Fotografia Italiana, N.260/261 (1982) |
||
| 250 | _a1a ed. | ||
| 260 |
_aMILANO _bEDITPHOTO _c1982 |
||
| 501 |
_bPaulus - SPICS - Società San Paolo EM (non-commercial uses only) _cCopyright2015 |
||
| 300 | _a32 p. | ||
| 310 | _aBIMESTRALE | ||
| 362 | _aN.260/261 (1982) | ||
| 500 | _aBimestrale di Cultura della Galleria il Diaframma/Canon. Foto e Didascalienel Segno della Donna. Donne di Immagine. Introduzione di Lanfranco Colombo. Sei Italiane con le Loro Foto Alla Mostra del Centro Pompidou: Giuliana Traverso, Verita Nonselles, Silv | ||
| 650 |
_aCOMUNICAZIONE - FOTOGRAFIA _vPUBBLICAZIONE PERIODICA |
||
| 942 | _cCR | ||
| 999 |
_c197751 _d197751 |
||